Communications of the ACM

Gespeichert in:
Bibliographische Detailangaben
Format: Schriftenreihe
Veröffentlicht: 1996
Tags: Tag hinzufügen
Keine Tags, Fügen Sie das erste Tag hinzu!

MARC

LEADER 00000nas a22000003a 4500
001 stu65404
005 20141122001621.1
008 011106s1996----------------------------d
040 |a STU  |b slo 
041 0
245 |a Communications of the ACM 
260 |c 1996 
500 |a 1-12 
500 |a 12 
773 0 |t Communications of the ACM :  |w stu_us_cat*stu59571  |x 0001-0782  |7 nnas 
996 |d Vol. 39, 1996  |v Vol. 39  |y 1996  |l EE0103  |s A  |a 24  |w stu65404_0001